A history of God : (Record no. 533642)
[ view plain ]
| 000 -LEADER | |
|---|---|
| fixed length control field | 01436cam a2200361 a 4500 |
| 001 - CONTROL NUMBER | |
| control field | 616901 |
| 003 - CONTROL NUMBER IDENTIFIER | |
| control field | NUST |
| 005 - DATE AND TIME OF LATEST TRANSACTION | |
| control field | 20200115113749.0 |
| 008 - FIXED-LENGTH DATA ELEMENTS--GENERAL INFORMATION | |
| fixed length control field | 921218r1993 nyub b 001 0 eng |
| 010 ## - LIBRARY OF CONGRESS CONTROL NUMBER | |
| LC control number | 92038318 |
| 020 ## - INTERNATIONAL STANDARD BOOK NUMBER | |
| International Standard Book Number | 9780345384560 |
| 038 ## - RECORD CONTENT LICENSOR | |
| Staff Name | MSOHAIL |
| 040 ## - CATALOGING SOURCE | |
| Original cataloging agency | DLC |
| Transcribing agency | DLC |
| Modifying agency | DLC |
| 050 00 - LIBRARY OF CONGRESS CALL NUMBER | |
| Classification number | BT98 |
| Item number | .A65 1993 |
| 082 00 - DEWEY DECIMAL CLASSIFICATION NUMBER | |
| Classification number | 291.211 |
| Author Mark | ARM |
| 100 1# - MAIN ENTRY--PERSONAL NAME | |
| Personal name | Armstrong, Karen, |
| Dates associated with a name | 1944- |
| 9 (RLIN) | 945 |
| 245 12 - TITLE STATEMENT | |
| Title | A history of God : |
| Remainder of title | the 4000-year quest of Judaism, Christianity, and Islam / |
| Statement of responsibility, etc. | by Karen Armstrong. |
| 250 ## - EDITION STATEMENT | |
| Edition statement | 1st American ed. |
| 260 ## - PUBLICATION, DISTRIBUTION, ETC. | |
| Place of publication, distribution, etc. | New York : |
| Name of publisher, distributor, etc. | A.A. Knopf : |
| -- | Distributed by Random House, |
| Date of publication, distribution, etc. | 1993. |
| 300 ## - PHYSICAL DESCRIPTION | |
| Extent | xxiii, 460 p. : |
| Other physical details | maps ; |
| Dimensions | 25 cm. |
| 500 ## - GENERAL NOTE | |
| General note | "Originally published in Great Britain by William Heinemann Ltd., London"--T.p. verso. |
| 504 ## - BIBLIOGRAPHY, ETC. NOTE | |
| Bibliography, etc. note | Includes bibliographical references (p. [427]-436) and index. |
| 650 #0 - SUBJECT ADDED ENTRY--TOPICAL TERM | |
| Topical term or geographic name entry element | God |
| Form subdivision | Comparative studies. |
| 9 (RLIN) | 5791 |
| 650 #0 - SUBJECT ADDED ENTRY--TOPICAL TERM | |
| Topical term or geographic name entry element | God |
| General subdivision | Biblical teaching. |
| 9 (RLIN) | 5792 |
| 650 #0 - SUBJECT ADDED ENTRY--TOPICAL TERM | |
| Topical term or geographic name entry element | God (Christianity) |
| General subdivision | History of doctrines. |
| 9 (RLIN) | 5793 |
| 650 #0 - SUBJECT ADDED ENTRY--TOPICAL TERM | |
| Topical term or geographic name entry element | God (Islam) |
| General subdivision | History of doctrines. |
| 9 (RLIN) | 5590 |
| 650 #0 - SUBJECT ADDED ENTRY--TOPICAL TERM | |
| Topical term or geographic name entry element | God (Judaism) |
| General subdivision | History of doctrines. |
| 9 (RLIN) | 5794 |
| 650 #0 - SUBJECT ADDED ENTRY--TOPICAL TERM | |
| Topical term or geographic name entry element | Judaism |
| General subdivision | History of doctrines. |
| 9 (RLIN) | 5795 |
| 650 #0 - SUBJECT ADDED ENTRY--TOPICAL TERM | |
| Topical term or geographic name entry element | Islam |
| General subdivision | Doctrines |
| -- | History. |
| 9 (RLIN) | 5796 |
| 906 ## - LOCAL DATA ELEMENT F, LDF (RLIN) | |
| a | 7 |
| b | cbc |
| c | orignew |
| d | 1 |
| e | ocip |
| f | 19 |
| g | y-gencatlg |
| 942 ## - ADDED ENTRY ELEMENTS (KOHA) | |
| Source of classification or shelving scheme | |
| Koha item type | Book |
| Withdrawn status | Lost status | Source of classification or shelving scheme | Damaged status | Not for loan | Permanent Location | Current Location | Date acquired | Total Checkouts | Full call number | Barcode | Date last seen | Date last checked out | Price effective from | Koha item type |
|---|---|---|---|---|---|---|---|---|---|---|---|---|---|---|
| School of Civil and Environmental Engineering (SCEE) | School of Civil and Environmental Engineering (SCEE) | 01/15/2020 | 3 | 291.211 ARM | NIT-9240 | 06/03/2025 | 05/31/2024 | 01/15/2020 | Book |
